Изделия из древесины и древесных материалов. Допуски и посадки; ГОСТ 6449.1-82 Изделия из древесины и древесных материалов. Поля допусков для линейных размеров и посадки; ГОСТ 6449.2-82 Изделия из древесины и древесных материалов. Допуски углов; ГОСТ 6449.3-82 Изделия из древесины и древесных материалов. Допуски формы и распложения поверхностей; ГОСТ 6449.4-82 Изделия из древесины и древесных материалов. Допуски расположения осей отверстий для крепежных деталей; ГОСТ 6449.5-82 Изделия из древесины и древесных материалов. Неуказанные предельные отклонения и допуски

Dettagli Bibliografici
Ente Autore: СССР Государственный комитет по стандартам (Госстандарт)
Lingua:russo
Pubblicazione: Москва, Изд-во стандартов, 1982
Edizione:Изд. офиц.
TOC:ГОСТ 6449.1-82 Изделия из древесины и древесных материалов. Поля допусков для линейных размеров и посадки;
ГОСТ 6449.2-82 Изделия из древесины и древесных материалов. Допуски углов;
ГОСТ 6449.3-82 Изделия из древесины и древесных материалов. Допуски формы и распложения поверхностей;
ГОСТ 6449.4-82 Изделия из древесины и древесных материалов. Допуски расположения осей отверстий для крепежных деталей;
ГОСТ 6449.5-82 Изделия из древесины и древесных материалов. Неуказанные предельные отклонения и допуски;
Serie:Государственные стандарты
Soggetti:
Natura: MixedMaterials Libro
KOHA link:https://koha.lib.tpu.ru/cgi-bin/koha/opac-detail.pl?biblionumber=152634

MARC

LEADER 00000nam0a2200000 4500
001 152634
005 20231031151109.0
035 |a (RuTPU)RU\TPU\book\165490 
035 |a RU\TPU\book\165485 
090 |a 152634 
100 |a 20090203d1982 km y0rusy50 ca 
101 0 |a rus 
102 |a RU 
105 |a a l 000zy 
200 1 |a Изделия из древесины и древесных материалов. Допуски и посадки 
205 |a Изд. офиц. 
210 |a Москва  |c Изд-во стандартов  |d 1982 
215 |a 72 с.  |c ил. 
225 1 |a Государственные стандарты 
464 |t ГОСТ 6449.1-82 Изделия из древесины и древесных материалов. Поля допусков для линейных размеров и посадки 
464 |t ГОСТ 6449.2-82 Изделия из древесины и древесных материалов. Допуски углов 
464 |t ГОСТ 6449.3-82 Изделия из древесины и древесных материалов. Допуски формы и распложения поверхностей 
464 |t ГОСТ 6449.4-82 Изделия из древесины и древесных материалов. Допуски расположения осей отверстий для крепежных деталей 
464 |t ГОСТ 6449.5-82 Изделия из древесины и древесных материалов. Неуказанные предельные отклонения и допуски 
610 1 |a ГОСТы 
610 1 |a стандарты 
610 1 |a изделия 
610 1 |a древесина 
610 1 |a древесные материалы 
610 1 |a допуски 
610 1 |a посадки 
712 0 1 |a СССР  |b Государственный комитет по стандартам (Госстандарт)  |c (1978-1989)  |2 stltpush  |3 (RuTPU)RU\TPU\col\12454 
801 1 |a RU  |b 63413507  |c 20021204  |g PSBO 
801 2 |a RU  |b 63413507  |c 20221208  |g PSBO 
942 |c BK